Event management for dummies (Record no. 395658)

MARC details
000 -LEADER
fixed length control field 00486 a2200193 4500
005 - DATE & TIME
control field 20260401111452.0
008 - FIXED-LENGTH DATA ELEMENTS--GENERAL INFORMATION
fixed length control field 260319b |||||||| |||| 00| 0 eng d
020 ## - ISBN
International Standard Book Number 9781118591123
Price $ 30.99
040 ## - CATALOGING SOURCE
Original cataloging agency VIVEKANANDA LIBRARY
082 ## - DDC NUMBER
Classification number 658.456
Book Number C171E
100 ## - MAIN ENTRY--PERSONAL NAME
Personal name Capell, Laura
245 ## - TITLE STATEMENT
Title Event management for dummies
260 ## - PUBLICATION, DISTRIBUTION, ETC. (IMPRINT)
Name of publisher, distributor, etc John Wiley
Date of publication, distribution, etc 2013
Place of publication, distribution, etc Chichester
300 ## - PHYSICAL DESCRIPTION
Pages xii, 318
650 ## - Subject
Subject Management
650 ## - Subject
Subject Event Management
650 ## - Subject
Subject Planning Events
942 ## - ADDED ENTRY ELEMENTS (KOHA)
Koha item type Books
Holdings
Withdrawn status Lost status Source of classification or shelving scheme Damaged status Not for loan Location (home branch) Sublocation or collection (holding branch) Shelving location Date acquired Koha issues (times borrowed) Koha full call number Accession No. Koha date last seen Koha item type
    Dewey Decimal Classification     VIVEKANANDA LIBRARY VIVEKANANDA LIBRARY IHTM Library 21/01/2026   658.456 C171E 425217 21/01/2026 Books
© Designed and Maintained by Vivekananda Library, MDU Rohtak